[Event "Bucharest ROM GP"]
[Site "Bucharest"]
[Date "2025.05.11"]
[Round "7"]
[White "Cruceru Uceanu, Tudor Mihai"]
[Black "Sanduleac, Vasile"]
[Result "0-1"]
[WhiteElo "2021"]
[BlackElo "2340"]
[PlyCount "98"]
[EventDate "2025.05.10"]
[EventType "swiss"]
[EventRounds "10"]
[EventCountry "ROU"]
[SourceTitle "CB20_2025"]
[SourceDate "2025.05.14"]
[SourceVersion "1"]
[SourceVersionDate "2025.05.14"]
[SourceQuality "1"]

1. e4 g6 2. d4 Bg7 3. Nf3 d6 4. Bd3 Nc6 5. c3 e5 6. Bb5 Bd7 7. h3 Nge7 8. d5 Nb8 9. Bxd7+ Nxd7 10. 0-0 0-0 11. c4 h6 12. Nc3 a5 13. a3 f5 14. Rb1 Nc5 15. Qc2 Qd7 16. b4 axb4 17. axb4 Nxe4 18. Nxe4 fxe4 19. Qxe4 Qf5 20. Re1 Ra2 21. Bb2 Kh7 22. Qxf5 Nxf5 23. c5 Ne7 24. cxd6 cxd6 25. Nd4 Nxd5 26. Ne6 Rf6 27. Nxg7 Kxg7 28. Red1 Nb6 29. f4 Rxf4 30. Rxd6 Nc4 31. Rd7+ Rf7 32. Rxf7+ Kxf7 33. Rf1+ Ke6 34. Bc1 g5 35. h4 Nd2 36. Bxd2 Rxd2 37. hxg5 hxg5 38. Rf8 Rb2 39. Rg8 Rxb4 40. Rxg5 b5 41. Rg8 Rb1+ 42. Kf2 b4 43. g4 b3 44. Rb8 b2 45. Kg2 e4 46. g5 e3 47. g6 Kf6 48. Re8 Rg1+ 49. Kxg1 b1Q+ 0-1

[Event "Arad op 17th"]
[Site "Arad"]
[Date "2024.08.07"]
[Round "4"]
[White "Radeva, Viktoria"]
[Black "Cruceru Uceanu, Tudor Mihai"]
[Result "1-0"]
[WhiteElo "2301"]
[BlackElo "2002"]
[PlyCount "43"]
[EventDate "2024.08.05"]
[EventType "swiss"]
[EventRounds "9"]
[EventCountry "ROU"]
[SourceTitle "CBM 221 Extra"]
[Source "ChessBase"]
[SourceDate "2024.09.30"]
[SourceVersion "1"]
[SourceVersionDate "2024.09.30"]
[SourceQuality "1"]

1. e4 e5 2. Nf3 Nc6 3. Nc3 Nf6 4. Bb5 Bd6 5. 0-0 0-0 6. d3 h6 7. Bxc6 dxc6 8. h3 Re8 9. Ne2 Bf8 10. Nh2 c5 11. b3 g6 12. Bb2 Bg7 13. f4 exf4 14. Nxf4 Nd5 15. Bxg7 Ne3 16. Qc1 Nxf1 17. Nh5 gxh5 18. Qxh6 f5 19. Qg6 Qd7 20. Bd4+ Kf8 21. Bxc5+ Re7 22. Rxf1 1-0

[Event "ROM-ch U20"]
[Site "Mamaia"]
[Date "2021.04.09"]
[Round "3"]
[White "Cruceru Uceanu, Tudor Mihai"]
[Black "Chipaila, Cristian Florin"]
[Result "0-1"]
[WhiteElo "1546"]
[BlackElo "1577"]
[PlyCount "92"]
[EventDate "2021.04.07"]
[EventType "swiss"]
[EventRounds "9"]
[EventCountry "ROU"]
[SourceTitle "EXT 2022"]
[Source "ChessBase"]
[SourceDate "2021.10.06"]
[SourceVersion "1"]
[SourceVersionDate "2021.10.06"]
[SourceQuality "1"]

1. e4 c5 2. Nf3 e6 3. d4 cxd4 4. Nxd4 a6 5. Bd3 Qc7 6. 0-0 Nf6 7. Nc3 Be7 8. Kh1 0-0 9. f4 d6 10. Rf3 Nbd7 11. Rg3 Re8 12. Be3 b5 13. a3 Bb7 14. Qd2 Rac8 15. Nb3 Bf8 16. Qe2 e5 17. fxe5 Nxe5 18. Nd4 g6 19. Rf1 Bg7 20. Nf3 Nc4 21. Bxc4 Qxc4 22. Qxc4 Rxc4 23. Nd2 Rcc8 24. Rgf3 Nxe4 25. Rxf7 Nxc3 26. Rxb7 Rxe3 27. bxc3 Bxc3 28. Nf3 Rce8 29. Rd7 Be5 30. Nxe5 dxe5 31. h3 Rf8 32. Rfd1 Rf7 33. R7d3 Re2 34. R3d2 Rff2 35. Rxe2 Rxe2 36. Rd6 Rxc2 37. Rxa6 e4 38. Kg1 e3 39. Kf1 Rf2+ 40. Kg1 Ra2 41. Kf1 b4 42. Ra8+ Kg7 43. Ra7+ Kh6 44. a4 b3 45. Rd7 b2 46. Rd1 Ra1 0-1

[Event "Romania rapid online op final"]
[Site "Chess.com INT"]
[Date "2020.05.01"]
[Round "4"]
[White "Bulau, Andrei Cristian"]
[Black "Cruceru Uceanu, Tudor Mihai"]
[Result "1-0"]
[WhiteElo "2199"]
[BlackElo "1449"]
[PlyCount "31"]
[EventDate "2020.05.01"]
[EventType "swiss (rapid)"]
[EventRounds "7"]
[EventCountry "ROU"]
[SourceTitle "CBM 196 Extra"]
[Source "ChessBase"]
[SourceDate "2020.07.31"]
[SourceVersion "1"]
[SourceVersionDate "2020.07.31"]
[SourceQuality "1"]

1. d4 Nf6 2. c4 e6 3. Nc3 Bb4 4. Qc2 b6 5. e4 Bxc3+ 6. bxc3 0-0 7. Bd3 h6 8. Ne2 Bb7 9. 0-0 c5 10. e5 Ne8 11. Ng3 d5 12. cxd5 exd5 13. Nf5 c4 14. Be2 f6 15. f4 Nd7 16. e6 1-0

[Event "EU-ch U10"]
[Site "Bratislava"]
[Date "2019.08.10"]
[Round "9"]
[White "Cruceru Uceanu, Tudor Mihai"]
[Black "Perossa, Nicolas"]
[Result "0-1"]
[WhiteElo "1234"]
[BlackElo "1627"]
[PlyCount "102"]
[EventDate "2019.08.02"]
[EventType "swiss"]
[EventRounds "9"]
[EventCountry "SVK"]
[SourceTitle "EXT 2020"]
[Source "ChessBase"]
[SourceDate "2019.10.17"]
[SourceVersion "1"]
[SourceVersionDate "2019.10.17"]
[SourceQuality "1"]

1. e4 e6 2. d4 d5 3. Nd2 Nf6 4. e5 Nfd7 5. Bd3 c5 6. c3 Nc6 7. Ne2 Qb6 8. Nf3 f6 9. exf6 Nxf6 10. 0-0 Bd6 11. Ng3 cxd4 12. cxd4 Bd7 13. Re1 0-0-0 14. Bf1 Kb8 15. a4 h6 16. Be3 g5 17. Ne5 Rhf8 18. Qd2 Bb4 19. Nxc6+ Bxc6 20. a5 Bxd2 21. axb6 Bxe1 22. bxa7+ Ka8 23. Rxe1 Kxa7 24. b4 Bd7 25. f4 Ng4 26. Bd2 gxf4 27. Nh5 Rc8 28. Bxf4 Be8 29. Bd6 Bxh5 30. Bxf8 Rxf8 31. Rxe6 Rf6 32. Re7 Nf2 33. h3 Ne4 34. g4 Bg6 35. Bg2 Rb6 36. h4 Nc3 37. h5 Be4 38. Rg7 Ne2+ 39. Kh2 Bxg2 40. Kxg2 Nxd4 41. Rg6 Rxg6 42. hxg6 Ne6 43. Kg3 Kb6 44. Kh4 d4 45. Kg3 Kb5 46. Kf3 Kc4 47. Ke4 d3 48. Ke5 d2 49. Kxe6 d1Q 50. Kf5 Qd8 51. g7 Qe8 0-1

[Event "EU-ch U10"]
[Site "Bratislava"]
[Date "2019.08.07"]
[Round "6"]
[White "Butolo, Alexandru Mircea"]
[Black "Cruceru Uceanu, Tudor Mihai"]
[Result "1/2-1/2"]
[WhiteElo "1522"]
[BlackElo "1234"]
[PlyCount "67"]
[EventDate "2019.08.02"]
[EventType "swiss"]
[EventRounds "9"]
[EventCountry "SVK"]
[SourceTitle "EXT 2020"]
[Source "ChessBase"]
[SourceDate "2019.10.17"]
[SourceVersion "1"]
[SourceVersionDate "2019.10.17"]
[SourceQuality "1"]

1. c4 e6 2. g3 Nf6 3. Bg2 d5 4. Nf3 c6 5. b3 Bd6 6. Bb2 Nbd7 7. d4 Ne4 8. 0-0 0-0 9. Nbd2 f5 10. Ne5 Nxe5 11. dxe5 Bc5 12. Nxe4 fxe4 13. Bd4 Bxd4 14. Qxd4 b6 15. Rfd1 Bb7 16. c5 bxc5 17. Qxc5 Qb6 18. Qxb6 axb6 19. Bh3 Kf7 20. f3 exf3 21. exf3 Ke7 22. f4 c5 23. Bg2 Ba6 24. Rd2 Rab8 25. a4 Rfc8 26. f5 d4 27. g4 Bb7 28. a5 Bxg2 29. Kxg2 bxa5 30. Rxa5 Rc7 31. Ra3 Rcb7 32. Rd3 Rb6 33. Kf3 R8b7 34. Ke4 1/2-1/2

[Event "EU-ch U10"]
[Site "Bratislava"]
[Date "2019.08.05"]
[Round "4"]
[White "Sowinski, Pawel"]
[Black "Cruceru Uceanu, Tudor Mihai"]
[Result "1-0"]
[WhiteElo "1582"]
[BlackElo "1234"]
[PlyCount "99"]
[EventDate "2019.08.02"]
[EventType "swiss"]
[EventRounds "9"]
[EventCountry "SVK"]
[SourceTitle "EXT 2020"]
[Source "ChessBase"]
[SourceDate "2019.10.17"]
[SourceVersion "1"]
[SourceVersionDate "2019.10.17"]
[SourceQuality "1"]

1. e4 c5 2. Nf3 d6 3. d4 cxd4 4. Nxd4 Nf6 5. f3 e6 6. c4 a6 7. Nc3 Be7 8. Be3 Qc7 9. Rc1 0-0 10. Qd2 Nc6 11. Nd5 exd5 12. cxd5 Bd7 13. dxc6 bxc6 14. Bc4 Rac8 15. 0-0 Qb7 16. Qd3 Ra8 17. e5 dxe5 18. Nb3 Rfd8 19. Qc2 Be8 20. Rfe1 Nd5 21. Bf2 Bf6 22. a3 Rab8 23. Qe4 Bg5 24. Rcd1 f6 25. Qe2 Kh8 26. g3 Bf7 27. Rb1 Nb6 28. Na5 Qc7 29. Bxf7 Qxf7 30. Nxc6 Rd2 31. Qxa6 Rg8 32. Qxb6 Qh5 33. Kg2 h6 34. Rbd1 Rc2 35. Ne7 Re8 36. Nd5 Kh7 37. h3 Rec8 38. Qb3 Rxf2+ 39. Kxf2 Qxh3 40. Rh1 Qe6 41. Qd3+ Kh8 42. Kg2 f5 43. Ne3 e4 44. fxe4 fxe4 45. Qd5 Qa6 46. Rhe1 Bxe3 47. Rxe3 Rc2+ 48. Rd2 Rc1 49. Rde2 Qf6 50. Rf2 1-0

[Event "EU-ch U08 28th"]
[Site "Riga"]
[Date "2018.08.27"]
[Round "7"]
[White "Cruceru Uceanu, Tudor Mihai"]
[Black "Zverev, Lev"]
[Result "0-1"]
[WhiteElo "1257"]
[BlackElo "1682"]
[PlyCount "92"]
[EventDate "2018.08.20"]
[EventType "swiss"]
[EventRounds "9"]
[EventCountry "LAT"]
[SourceTitle "CBM 186 Extra"]
[Source "ChessBase"]
[SourceDate "2018.08.24"]
[SourceVersion "1"]
[SourceVersionDate "2018.08.24"]
[SourceQuality "1"]

1. e4 d6 2. d4 Nf6 3. Nc3 Nbd7 4. Nf3 e5 5. dxe5 dxe5 6. Bg5 Be7 7. Bc4 0-0 8. 0-0 c6 9. h3 b5 10. Bb3 b4 11. Bxf6 Bxf6 12. Ne2 Qc7 13. Qd2 a5 14. Rad1 Nb6 15. c3 Ba6 16. Rfe1 a4 17. Bc2 Rad8 18. Qc1 c5 19. cxb4 cxb4 20. Ng3 Rc8 21. Bb1 Qb7 22. Qe3 Rfd8 23. Rxd8+ Rxd8 24. Qc5 Nc4 25. b3 Be7 26. Qxe7 Qxe7 27. bxc4 Bxc4 28. Nf5 Qe6 29. Ng5 Qb6 30. Rc1 Ba6 31. Nf3 f6 32. Ne7+ Kf8 33. Nd5 Qa5 34. Nc7 Rc8 35. Ne6+ Kf7 36. Rxc8 Bxc8 37. Ned4 exd4 38. Nxd4 Qd8 39. Bc2 Qxd4 40. Bxa4 Qa1+ 41. Kh2 Qxa2 42. Bd1 b3 43. Bxb3+ Qxb3 44. f3 Qe3 45. Kg3 Ba6 46. Kg4 Qg5# 0-1

[Event "EU-ch U08 28th"]
[Site "Riga"]
[Date "2018.08.21"]
[Round "2"]
[White "Azadaliyev, Jahandar"]
[Black "Cruceru Uceanu, Tudor Mihai"]
[Result "1-0"]
[WhiteElo "1732"]
[BlackElo "1257"]
[PlyCount "53"]
[EventDate "2018.08.20"]
[EventType "swiss"]
[EventRounds "9"]
[EventCountry "LAT"]
[SourceTitle "CBM 186 Extra"]
[Source "ChessBase"]
[SourceDate "2018.08.24"]
[SourceVersion "1"]
[SourceVersionDate "2018.08.24"]
[SourceQuality "1"]

1. d4 d5 2. c4 c6 3. e3 Nf6 4. Nf3 e6 5. Nc3 Nbd7 6. Qc2 Bd6 7. Bd3 0-0 8. 0-0 e5 9. cxd5 cxd5 10. e4 dxe4 11. Nxe4 Nxe4 12. Bxe4 h6 13. Rd1 exd4 14. Rxd4 Bc5 15. Rd1 Qb6 16. Rd5 Re8 17. Bf5 Bd6 18. Be3 Rxe3 19. fxe3 Qxe3+ 20. Kh1 Qf4 21. Rd4 Qxd4 22. Nxd4 Be5 23. Re1 f6 24. Qb3+ Kh8 25. Qf7 g6 26. Ne6 gxf5 27. Qg7# 1-0

[Event "ROM-ch U08"]
[Site "Baile Felix"]
[Date "2017.02.05"]
[Round "4"]
[White "Mocan, Dragos"]
[Black "Cruceru Uceanu, Tudor Mihai"]
[Result "0-1"]
[WhiteElo "1111"]
[BlackElo "1057"]
[PlyCount "84"]
[EventDate "2017.02.02"]
[EventType "swiss"]
[EventRounds "9"]
[EventCountry "ROU"]
[SourceTitle "CBM 176 Extra"]
[Source "ChessBase"]
[SourceDate "2017.03.02"]
[SourceVersion "1"]
[SourceVersionDate "2017.03.02"]
[SourceQuality "1"]

1. e4 e5 2. Nf3 Nc6 3. Bb5 d6 4. 0-0 Nf6 5. Nc3 Be7 6. d3 Bg4 7. Be3 0-0 8. d4 exd4 9. Bxd4 Nxd4 10. h3 Bxf3 11. gxf3 c6 12. Bc4 Qb6 13. b3 Rad8 14. Na4 Qa5 15. Qxd4 Qg5+ 16. Kh1 Qh5 17. Kh2 b5 18. Bxb5 cxb5 19. Nc3 Qxf3 20. Qe3 Qxe3 21. fxe3 Rc8 22. Nxb5 Rxc2+ 23. Kg1 Nxe4 24. Nxa7 Rc5 25. a4 Ra8 26. Nb5 Bf6 27. b4 Rxb5 28. axb5 Bxa1 29. b6 h6 30. b7 Rb8 31. Rxa1 Rxb7 32. Ra8+ Kh7 33. Rf8 Kg6 34. h4 Kf5 35. Kg2 h5 36. Kf3 d5 37. Rh8 g6 38. Rf8 Kf6 39. Kf4 Rxb4 40. Re8 Nd6+ 41. Re4 Rxe4+ 42. Kf3 Kf5 0-1

[Event "ROM-ch U08"]
[Site "Baile Felix"]
[Date "2017.02.04"]
[Round "3"]
[White "Cruceru Uceanu, Tudor Mihai"]
[Black "Butolo, Alexandru Mircea"]
[Result "0-1"]
[WhiteElo "1057"]
[BlackElo "1135"]
[PlyCount "34"]
[EventDate "2017.02.02"]
[EventType "swiss"]
[EventRounds "9"]
[EventCountry "ROU"]
[SourceTitle "CBM 176 Extra"]
[Source "ChessBase"]
[SourceDate "2017.03.02"]
[SourceVersion "1"]
[SourceVersionDate "2017.03.02"]
[SourceQuality "1"]

1. e4 e6 2. d4 d5 3. exd5 exd5 4. Qe2+ Ne7 5. Bg5 Nbc6 6. Nf3 Bg4 7. Nbd2 Nxd4 8. Qd1 Nxf3+ 9. Nxf3 Be6 10. Be2 Qd7 11. Nd4 0-0-0 12. 0-0 f6 13. Be3 g5 14. Qd3 h5 15. Qa3 Nc6 16. Nxc6 Bxa3 17. bxa3 Qxc6 0-1